[Event "Chigorin Memorial 23rd"]
[Site "St Petersburg"]
[Date "2015.10.09"]
[Round "7"]
[White "Gorodnichin, Leonid"]
[Black "Bubnov, Kirill"]
[Result "0-1"]
[WhiteElo "1798"]
[BlackElo "1988"]
[PlyCount "114"]
[EventDate "2015.10.03"]
[EventType "swiss"]
[EventRounds "9"]
[EventCountry "RUS"]
[SourceTitle "CBM 168 Extra"]
[Source "ChessBase"]
[SourceDate "2015.10.29"]
[SourceVersion "1"]
[SourceVersionDate "2015.10.29"]
[SourceQuality "1"]

1. e4 e6 2. d4 d5 3. e5 c5 4. c3 Qb6 5. Nf3 Nc6 6. Be2 cxd4 7. cxd4 Nh6 8. Nc3 Nf5 9. Na4 Bb4+ 10. Kf1 Qd8 11. h4 Be7 12. h5 h6 13. g4 Nh4 14. Nxh4 Bxh4 15. Be3 0-0 16. Qd2 Be7 17. f4 f6 18. Kg2 fxe5 19. fxe5 Bd7 20. Raf1 Nxe5 21. dxe5 Bxa4 22. Bxh6 Bc6 23. Kh2 d4 24. Rhg1 Rxf1 25. Rxf1 Bd6 26. Kh3 Bxe5 27. Bg5 Qd5 28. Bf3 Qd6 29. h6 Rf8 30. Qd3 Rxf3+ 31. Rxf3 Bxf3 32. Qxf3 Qc6 33. Qxc6 bxc6 34. Kg2 Bf6 35. Bd2 g5 36. Kf3 Kh7 37. Ke4 Kxh6 38. b3 Kg6 39. Bb4 Bg7 40. Bc5 a6 41. a4 Kf7 42. b4 Bf6 43. Bxd4 Bxd4 44. Kxd4 Kf6 45. Kc5 e5 46. Kxc6 e4 47. b5 axb5 48. axb5 e3 49. b6 e2 50. b7 e1Q 51. b8Q Qe4+ 52. Kc5 Qe5+ 53. Qxe5+ Kxe5 54. Kc4 Kf4 55. Kd3 Kxg4 56. Ke2 Kg3 57. Kf1 Kh2 0-1

[Event "Chigorin Memorial 23rd"]
[Site "St Petersburg"]
[Date "2015.10.08"]
[Round "6"]
[White "Lapin, Nikita"]
[Black "Gorodnichin, Leonid"]
[Result "0-1"]
[WhiteElo "1641"]
[BlackElo "1798"]
[PlyCount "56"]
[EventDate "2015.10.03"]
[EventType "swiss"]
[EventRounds "9"]
[EventCountry "RUS"]
[SourceTitle "CBM 168 Extra"]
[Source "ChessBase"]
[SourceDate "2015.10.29"]
[SourceVersion "1"]
[SourceVersionDate "2015.10.29"]
[SourceQuality "1"]

1. e4 e6 2. d4 d5 3. Nc3 Bb4 4. e5 c5 5. Bd2 Ne7 6. Nb5 Bxd2+ 7. Qxd2 0-0 8. c3 Bd7 9. Nd6 cxd4 10. cxd4 Qb6 11. Bd3 f6 12. f4 fxe5 13. fxe5 Nbc6 14. Nf3 g6 15. Be2 Nf5 16. Nxf5 Rxf5 17. g4 Rf7 18. h4 Raf8 19. Rf1 Rf4 20. Rd1 Rxg4 21. Qh6 Nxd4 22. Rxd4 Rxd4 23. h5 Qb4+ 24. Kf2 Rh4 25. Rg1 Rh2+ 26. Kf1 Rxf3+ 27. Bxf3 Bb5+ 28. Be2 Bxe2# 0-1

[Event "Chigorin Memorial 23rd"]
[Site "St Petersburg"]
[Date "2015.10.04"]
[Round "2"]
[White "Kopasov, Evgeny Aleksandrovi"]
[Black "Gorodnichin, Leonid"]
[Result "0-1"]
[WhiteElo "2050"]
[BlackElo "1798"]
[PlyCount "134"]
[EventDate "2015.10.03"]
[EventType "swiss"]
[EventRounds "9"]
[EventCountry "RUS"]
[SourceTitle "CBM 168 Extra"]
[Source "ChessBase"]
[SourceDate "2015.10.29"]
[SourceVersion "1"]
[SourceVersionDate "2015.10.29"]
[SourceQuality "1"]

1. d4 d5 2. c4 e6 3. Nc3 Nf6 4. Bg5 Be7 5. e3 h6 6. Bh4 0-0 7. Nf3 Ne4 8. Bxe7 Qxe7 9. Rc1 c6 10. Bd3 Nxc3 11. Rxc3 dxc4 12. Bxc4 Nd7 13. 0-0 b6 14. Bd3 c5 15. Be4 Rb8 16. Qc2 Nf6 17. dxc5 bxc5 18. Bd3 Nd5 19. Rb3 Nb4 20. Qe2 Bb7 21. Bc4 Nxa2 22. Rd3 Nb4 23. Rd2 Rfd8 24. Rfd1 Bd5 25. e4 Bxc4 26. Qxc4 Rxd2 27. Rxd2 Rd8 28. g3 Rxd2 29. Nxd2 Qd6 30. Nf3 Qd1+ 31. Kg2 Nd3 32. Qb5 Qe2 33. Qe8+ Kh7 34. Qxf7 Qxe4 35. Kf1 Qf5 36. Qxf5+ exf5 37. b3 Nc1 38. Nd2 Kg6 39. Ke1 Kg5 40. f3 Kf6 41. Kd1 Nd3 42. Kc2 Ne5 43. h3 g5 44. Kc3 Ke6 45. g4 fxg4 46. hxg4 Kd5 47. Ne4 Nxf3 48. Nf6+ Ke5 49. Ng8 Kf4 50. Nxh6 Ne5 51. b4 cxb4+ 52. Kxb4 Nxg4 53. Nf7 Ne5 54. Nxg5 Kxg5 55. Kb5 Kf6 56. Ka6 Nc6 57. Kb5 a5 58. Ka4 Ke5 59. Kb5 Kd5 60. Ka4 Kc5 61. Ka3 Kb5 62. Kb3 a4+ 63. Ka3 Nd4 64. Kb2 Kb4 65. Ka2 a3 66. Ka1 Kb3 67. Kb1 a2+ 0-1